| 000 | 00812nam a22002297a 4500 | ||
|---|---|---|---|
| 001 | 44419 | ||
| 003 | BD-RjUL | ||
| 005 | 20211209053844.0 | ||
| 008 | 160717s1980 bg ||||| |||| 00| 0 ben d | ||
| 020 | _c: TK 3.50 | ||
| 035 | _a(BD-RjUL)44537 | ||
| 040 |
_aBD-RjUL _bben _cBD-RjUL |
||
| 041 | _aben | ||
| 082 |
_223 _a297 _bROA 1980 |
||
| 100 |
_aরহমান, মুহাম্মদ মুজীবুর _9136343 |
||
| 245 | 1 | 0 |
_aআল্লামা যামাখশরী / _cমুহাম্মদ মুজীবুর রহমান |
| 260 |
_aঢাকা : _bইসলামিক ফাউন্ডেশন, _c১৯৮০ |
||
| 300 |
_a[২০], ৫৪ পৃ. ; _c২১ সেমি. |
||
| 650 |
_aইসলাম _9136344 |
||
| 650 |
_aIslam _9136345 |
||
| 942 |
_2ddc _cBK |
||
| 999 |
_c44419 _d44419 |
||